000 03129cam a22005294i 4500
003 PE-LiUPU
005 20250731180153.0
008 150706s2007 r 000 0 d
020 _a9789701067154
035 _a(Sirsi) i9789701067154
040 _aPE-LiUPU
_bspa
_cPE-LiUPU
_erda
049 _aPRUA
082 0 4 _a574
_bB5
_221
245 0 1 _aBiología /
_cAlton Biggs. [et al.].
264 1 _aMéxico, D.F. :
_bMcGraw-Hill,
_c2007.
300 _axli, 1206 páginas :
_bilustraciones ;
_c28 cm.
336 _atext
_2rdacontent
337 _aunmediated
_2rdamedia
338 _avolume
_2rdacarrier
500 _aEn la cabeza de título: Glencoe CienciaReimpreso de: Glencoe Biology spanish student edition.
505 0 _aEl estudio de la vida -- Ecología -- Principios de ecología -- Comunidades, biomas y ecosistemas -- Ecología de la población -- La biodiversidad y la conservación -- La célula -- La química en biología -- Estructura y función celulares -- Energía celular -- Reproducción celular -- Genética -- Reproducción sexual y la genética -- Herencia compleja y herencia humana -- Genética Molecular -- Genética y biotecnología -- Historia de la diversidad biológica -- La historia de la vida -- Evolución -- La evolución de los primates -- Organización de la diversidad de la vida -- Bacterias, virus, protistas y hongos -- Las bacterias y los virus -- Los protistas -- Los hongos -- Plantas.-Introducción a las plantas -- La estructura y función de las plantas -- La reproducción de las plantas -- Invertebrados -- Introducción a los animales -- Los gusanos y los moluscos -- Los artrópodos -- Los equinodermos y los cordados invertebrados -- Vertebrados -- Los peces y los anfibios -- Los reptiles y las aves -- Los mamíferos -- El comportamiento animal -- El cuerpo humano -- El sistema integumentario -- El sistema nervioso -- Los sitemas circulatorio, respiratorio y excretor -- Lo sistemas digestivo y endocrino -- La reproducción y el desarrollo humano -- El sistema inmunológico -- Recursos para el alumno -- Manual de destrezas -- Destrezas para resolver problemas -- Destrezas matemáticas -- Manual de referencia.
526 _aSEG44
526 _aSEG26
526 _aP159
526 _aP155
526 _aP154
526 _aP153
526 _aP150
526 _aP100
526 _aP31
526 _aP30
526 _aP26
526 _aP25
526 _aP24
526 _aP22
526 _aP15
526 _aP10
541 _g015-0016191;
650 0 4 _aBiología
_vLibro de texto.
700 1 _aBiggs, Alton.
910 _agl
_cjck
_d20131118
942 _2ddc
_cBOOK
949 _a574 B5
_wDEWEY
_c1
_i69120
_lCCODEBUL1
_mBUL
_p42.00
_r0
_sY
_tBOOK
_u2015-7-6
_xINGENIERIA
_PP24
_o.STAFF. Colección General
994 _aC0
_bPEPRU
596 _a1
999 _a574 B5
_wDEWEY
_c56184
_i69120
_d56184
_e2019-6-13
_f2021-11-5
_g7
_lCCODEBUL1
_mBUL
_n25
_p42.00
_q24
_r0
_sY
_tBOOK
_u2015-7-6
_xBIBLIOTECA
_PP24
_0COMPRA
_o.STAFF. Colección Ingenieria y Arquitectura
980 _81
_gALBERTO SANCHEZ Responsable de Automatización